| 000 | 00481nam a2200181Ia 4500 | ||
|---|---|---|---|
| 008 | 180921t2016 xxu||||| |||| 00| 0 sin d | ||
| 041 | _asin | ||
| 080 |
_a8C3 _b(Youth) ART |
||
| 100 | _aArthur, Robert | ||
| 245 | _aඇටසැකිලි දූපත | ||
| 246 | _aEta Sakili Dupatha | ||
| 260 |
_bNipun poth _aMoratuwa _c2016 |
||
| 300 | _a192p, 19cm | ||
| 700 |
_aSudharman Satharasinghe _etr. |
||
| 942 | _cBK | ||
| 999 |
_c10714 _d10714 |
||
| 003 | LK-CoDNM | ||
| 040 |
_aLK-CoDNM _dLK-CoDNM _eLK-CoDNM |
||